000 00288nam a22001337a 4500
008 170728b xxu||||| |||| 00| 0 eng d
020 _a3411016183
041 _aeng
080 _a004
100 _a31
101 _aSHK
245 _aREIHE INFROMATIK /34
_cBOHLING,K.H
942 _2udc
_cBK
999 _c22130
_d22130